[Event "Orsay Blitz op"]
[Site "Europe Echecs INT"]
[Date "2023.09.17"]
[Round "11"]
[White "Bertrand, Julien"]
[Black "Diankha, Abdoulaye"]
[Result "1-0"]
[WhiteElo "1150"]
[BlackElo "1254"]
[PlyCount "51"]
[EventDate "2023.09.17"]
[EventType "swiss (blitz)"]
[EventRounds "11"]
[EventCountry "FRA"]
[SourceTitle "EXT 2025"]
[Source "ChessBase"]
[SourceDate "2024.10.14"]
[SourceVersion "1"]
[SourceVersionDate "2024.10.14"]
[SourceQuality "1"]

1. d4 d5 2. Bf4 e6 3. e3 Nf6 4. Nf3 Bd6 5. Bg3 c5 6. c3 0-0 7. Nbd2 Nc6 8. Nb3 Bxg3 9. hxg3 c4 10. Nc5 h6 11. Ne5 Nxe5 12. dxe5 Nh7 13. Qd4 Qc7 14. 0-0-0 b6 15. Na4 f6 16. exf6 Nxf6 17. g4 Bd7 18. b3 Bxa4 19. bxa4 Ne4 20. g3 Nxf2 21. Be2 Nxh1 22. Rxh1 Qxg3 23. Kc2 Qg2 24. Rd1 Qxe2+ 25. Rd2 Qxg4 26. Qxg4 1-0

[Event "Orsay Blitz op"]
[Site "Europe Echecs INT"]
[Date "2023.09.17"]
[Round "6"]
[White "Bertrand, Julien"]
[Black "Rakotoarivelo, Ando"]
[Result "0-1"]
[WhiteElo "1150"]
[BlackElo "1500"]
[PlyCount "68"]
[EventDate "2023.09.17"]
[EventType "swiss (blitz)"]
[EventRounds "11"]
[EventCountry "FRA"]
[SourceTitle "EXT 2025"]
[Source "ChessBase"]
[SourceDate "2024.10.14"]
[SourceVersion "1"]
[SourceVersionDate "2024.10.14"]
[SourceQuality "1"]

1. d4 d5 2. Bf4 h6 3. e3 g5 4. Bg3 Bg7 5. Nf3 g4 6. Ne5 Bxe5 7. dxe5 h5 8. Nc3 e6 9. e4 d4 10. Ne2 Nc6 11. Qd2 f6 12. exf6 Nxf6 13. 0-0-0 Nxe4 14. Qf4 Nxg3 15. Qxg3 e5 16. f4 e4 17. Nxd4 Nxd4 18. Bc4 c5 19. Rhe1 Bf5 20. c3 Qf6 21. cxd4 cxd4 22. Bb5+ Kf8 23. Qa3+ Kg7 24. Qc5 Rac8 25. Bc6 Rxc6 26. Qc2 Rxc2+ 27. Kxc2 Rc8+ 28. Kb1 e3+ 29. Ka1 Rd8 30. g3 Qa6 31. b3 Be6 32. Rc1 Bxb3 33. Rc7+ Kg8 34. Rec1 Qxa2# 0-1

[Event "Europe Echecs Blitz May op"]
[Site "Europe Echecs INT"]
[Date "2021.05.09"]
[Round "3"]
[White "Fischler, Oscar"]
[Black "Bertrand, Julien"]
[Result "0-1"]
[WhiteElo "1866"]
[BlackElo "1891"]
[PlyCount "210"]
[EventDate "2021.05.09"]
[EventType "swiss (blitz)"]
[EventRounds "11"]
[EventCountry "FRA"]
[SourceTitle "CBM 202 Extra"]
[Source "ChessBase"]
[SourceDate "2021.07.31"]
[SourceVersion "1"]
[SourceVersionDate "2021.07.31"]
[SourceQuality "1"]

1. Nf3 d6 2. d4 Nf6 3. g3 Bg4 4. Bg2 Nbd7 5. 0-0 c6 6. c4 e5 7. Nc3 Be7 8. h3 Bh5 9. g4 Bg6 10. b3 Qc7 11. Bb2 0-0 12. Qd2 Rfe8 13. e3 Rad8 14. Rac1 a6 15. Rfd1 Bf8 16. d5 Nc5 17. Nh4 Nfe4 18. Nxe4 Nxe4 19. Qe2 Nf6 20. Nxg6 hxg6 21. Qc2 Nd7 22. dxc6 bxc6 23. Qe4 Rc8 24. Rc2 Nc5 25. Qf3 Ne6 26. Rcd2 Red8 27. Ba3 c5 28. Qb7 Qxb7 29. Bxb7 Rb8 30. Bg2 Be7 31. Bb2 f5 32. Bc3 Kh7 33. Rf1 f4 34. exf4 Nxf4 35. Rfd1 Ne6 36. Bd5 Nf4 37. Bg2 Ne6 38. Ba5 Rdc8 39. Bc3 Nd4 40. Re1 Bg5 41. Rdd1 Bf4 42. Bd5 Rc7 43. Kg2 Ra7 44. Ba5 g5 45. Re4 Re7 46. Bc3 Ra7 47. f3 a5 48. Ree1 a4 49. Bxd4 cxd4 50. Be4+ g6 51. Bc2 axb3 52. Bxb3 Rab7 53. Rd3 Rb6 54. Re2 Kg7 55. Rc2 Kf6 56. c5 Rc6 57. Rd1 dxc5 58. Bd5 Rc7 59. a4 Rb4 60. Ra1 c4 61. a5 c3 62. Be4 Ra7 63. a6 Rb6 64. Bd3 Ke6 65. Kf2 Kd6 66. Ke2 Kc5 67. Ra5+ Kd6 68. Ra4 Rb2 69. Ra2 Rxc2+ 70. Bxc2 Kc5 71. Bxg6 Kb4 72. Bc2 Bh2 73. Kd3 Bf4 74. Ke4 Kc4 75. Ra5 Kb4 76. Ra4+ Kb5 77. Ra2 Kb4 78. Ra1 Kc5 79. Bd3 Kb6 80. Rb1+ Ka5 81. Rb5+ Ka4 82. Rb7 Ra8 83. a7 Ka5 84. Kd5 Rd8+ 85. Kc6 Ra8 86. Kc7 Ka4 87. Kb6 Ka3 88. Rb8 Rxa7 89. Kxa7 e4 90. Bxe4 Bxb8+ 91. Kxb8 Kb2 92. Kc7 c2 93. Bxc2 Kxc2 94. f4 d3 95. f5 d2 96. f6 d1Q 97. f7 Qf3 98. Kd7 Qxf7+ 99. Kd6 Qf3 100. Ke6 Qxh3 101. Kf5 Qh4 102. Kf6 Kd2 103. Kg6 Ke3 104. Kf5 Kf3 105. Kf6 Qxg4 0-1

[Event "C'Chartres Blitz op April"]
[Site "Europe Echecs INT"]
[Date "2021.04.10"]
[Round "8"]
[White "Benmadani, Yazid"]
[Black "Bertrand, Julien"]
[Result "0-1"]
[WhiteElo "1598"]
[BlackElo "1891"]
[PlyCount "141"]
[EventDate "2021.04.10"]
[EventType "swiss (blitz)"]
[EventRounds "11"]
[EventCountry "FRA"]
[SourceTitle "CBM 201 Extra"]
[Source "ChessBase"]
[SourceDate "2021.05.31"]
[SourceVersion "1"]
[SourceVersionDate "2021.05.31"]
[SourceQuality "1"]

1. e4 d6 2. Nf3 Nf6 3. Nc3 Bg4 4. h3 Bh5 5. Be2 Nbd7 6. 0-0 e5 7. d4 Be7 8. dxe5 dxe5 9. Be3 c6 10. Qd2 Qc7 11. Rad1 0-0 12. g4 Bxg4 13. hxg4 Nxg4 14. Nh2 Nxe3 15. Qxe3 b5 16. Bg4 Nc5 17. Rd2 h6 18. Qg3 Bg5 19. Rdd1 Bf4 20. Qg2 Qa5 21. a3 b4 22. axb4 Qxb4 23. Ne2 Bg5 24. b3 a5 25. f4 exf4 26. Nxf4 Qxe4 27. Qxe4 Nxe4 28. Ne2 Be3+ 29. Kg2 f5 30. Bf3 Ng5 31. Bxc6 Rac8 32. Bd5+ Kh8 33. Bc4 a4 34. Rd3 Bc5 35. Ng3 f4 36. Nh5 Be3 37. Ng4 axb3 38. Bxb3 f3+ 39. Kg3 Ne4+ 40. Kh3 Ng5+ 41. Kh4 Bb6 42. Ne5 Kh7 43. Nd7 Rfd8 44. Nxb6 Rxd3 45. Nxc8 Rd4+ 46. Kg3 Kg6 47. Ne7+ Kxh5 48. Nf5 Rg4+ 49. Kf2 Rg2+ 50. Ke3 Re2+ 51. Kd3 Rh2 52. Ng3+ Kg4 53. Ne4 Kh3 54. Nxg5+ hxg5 55. Ke3 g4 56. Be6 Re2+ 57. Kf4 Kg2 58. Bxg4 Kxf1 59. Bxf3 Rxc2 60. Kg5 Rc1 61. Bg4 Kf2 62. Kf5 Rg1 63. Bh5 Ke3 64. Bg6 Kd4 65. Be8 g5 66. Bc6 Ke3 67. Bd5 g4 68. Be4 g3 69. Bd5 Kf2 70. Kg4 Re1 71. Be4 0-1

[Event "Caen op"]
[Site "Caen"]
[Date "2013.10.31"]
[Round "1"]
[White "Bertrand, Julien"]
[Black "Vuilleumier, Alexandre"]
[Result "0-1"]
[WhiteElo "1818"]
[BlackElo "2314"]
[PlyCount "88"]
[EventDate "2013.10.31"]
[EventType "swiss"]
[EventRounds "7"]
[EventCountry "FRA"]
[SourceTitle "EXT 2015"]
[Source "ChessBase"]
[SourceDate "2014.11.20"]
[SourceVersion "1"]
[SourceVersionDate "2014.11.20"]
[SourceQuality "1"]

1. Nf3 Nf6 2. d4 e6 3. c4 d5 4. e3 Be7 5. Nc3 0-0 6. Be2 c5 7. 0-0 Nc6 8. a3 b6 9. cxd5 exd5 10. Ne5 Bb7 11. Nxc6 Bxc6 12. b3 Bd6 13. Bb2 Qb8 14. g3 Qb7 15. Bf3 Rfd8 16. Ne2 c4 17. Bc3 a5 18. Qc2 b5 19. Rfb1 Re8 20. Nf4 Bxf4 21. exf4 Qc8 22. Kg2 Bd7 23. Qd2 Bh3+ 24. Kg1 Bf5 25. Rb2 Ne4 26. Bxe4 Bxe4 27. bxc4 Qg4 28. Qd1 Bf3 29. Qf1 dxc4 30. Re1 Rxe1 31. Qxe1 Bc6 32. d5 Bxd5 33. f3 Qxf3 34. Qe5 f6 35. Qe1 Qh1+ 36. Kf2 Qxh2+ 37. Ke3 Re8+ 38. Kd4 Qh5 39. Rh2 Qf7 40. Re2 Qa7+ 41. Kxd5 Qd7+ 42. Kc5 Rc8+ 43. Kb6 Qc6+ 44. Kxa5 Ra8+ 0-1

[Event "Issy les Moulineaux tt"]
[Site "Issy les Moulineaux"]
[Date "2009.03.15"]
[Round "?"]
[White "Malouch, Fadhel"]
[Black "Bertrand, Julien"]
[Result "0-1"]
[WhiteElo "1950"]
[BlackElo "1838"]
[PlyCount "44"]
[EventDate "2008.10.19"]
[EventType "team-tourn"]
[EventRounds "7"]
[EventCountry "FRA"]
[SourceTitle "EXT 2010"]
[Source "ChessBase"]
[SourceDate "2010.11.25"]
[SourceVersion "1"]
[SourceVersionDate "2010.11.25"]
[SourceQuality "1"]
[WhiteTeam "Issy les Moulineaux"]
[BlackTeam "Caen Alekhine"]
[WhiteTeamCountry "FRA"]
[BlackTeamCountry "FRA"]

1. e4 c6 2. d4 d5 3. Nc3 dxe4 4. Nxe4 Bf5 5. Ng3 Bg6 6. Nf3 Nd7 7. Bc4 Ngf6 8. 0-0 Qc7 9. c3 e6 10. Re1 Bd6 11. Qe2 Nd5 12. Ne4 Bxe4 13. Qxe4 N7f6 14. Qc2 h6 15. h3 0-0-0 16. b4 g5 17. Bd2 g4 18. hxg4 Nxg4 19. b5 Rdg8 20. bxc6 Qxc6 21. Bd3 Nh2 22. Nxh2 Ne3 0-1